|
|
|
|
| LEADER |
00000cam a2200000 7i4500 |
| 001 |
0000009154 |
| 002 |
000009969 |
| 005 |
20000330.0 |
| 020 |
|
|
|a 0861636163
|
| 090 |
0 |
0 |
|a JF
|b BLY
|
| 100 |
1 |
|
|a Blyton, Enid
|
| 245 |
1 |
0 |
|a Secret seven
|c Enid Blyton
|
| 260 |
|
|
|a London :
|b Award Publications ,
|c 1993
|
| 300 |
|
|
|a 127p. :
|b ill ;
|c 17cm.
|
| 650 |
0 |
0 |
|a Children's stories
|
| 999 |
|
|
|a 041337
|b BUKU
|c PINJAMAN
|e PERPUSTAKAAN KOMUNITI PETALING JAYA
|
| 999 |
|
|
|a 041338
|b BUKU
|c PINJAMAN
|e PERPUSTAKAAN KOMUNITI PETALING JAYA
|
| 999 |
|
|
|a 041339
|b BUKU
|c PINJAMAN
|e PERPUSTAKAAN KOMUNITI PETALING JAYA
|
| 999 |
|
|
|a 045118
|b BUKU
|c PINJAMAN
|e PERPUSTAKAAN KOMUNITI PETALING JAYA
|